000 00374nam a2200157Ia 4500
003 0STCL
008 150530s9999 xx 000 0 und d
040 _aSTCL
_cSTCL
100 _aTilden, J.E.
245 _aAlgae and their life relations
260 _bOxford University press
_c1935
546 _aEnglish
942 _2ddc
_cBK
999 _c35908
_d35908
005 20220125170354.0